Normal view
MARC view
- اللغة العربية-الايضاح في شرح المفصل
Entry Topical Term
001 - CONTROL NUMBER
- control field: 38776
003 - CONTROL NUMBER IDENTIFIER
- control field: JO-AjAnu
005 - DATE AND TIME OF LATEST TRANSACTION
- control field: 20230606080444.0
008 - FIXED-LENGTH DATA ELEMENTS
- fixed length control field: 230606|| aca||aabn | a|a d
040 ## - CATALOGING SOURCE
- Original cataloging agency: JO-AjAnu
- Transcribing agency: JO-AjAnu
150 ## - HEADING--TOPICAL TERM
- Topical term or geographic name entry element: اللغة العربية-الايضاح في شرح المفصل
670 ## - SOURCE DATA FOUND
- Source citation: Work cat.: (JO-AjAnu)19887: تاليف النحوي، ابي عمرو عثمان بن الحاجب؛ تحقيق موسى بناي العليلي, author 38775, الايضاح في شرح المفصل، القسم الاول